Obálka
Pro půjčování e-knih musíte být přihlášeni.
Jak si půjčit online?

Obrazy z dějin národa českého /

Obrazy z dějin národa českého - věrná vyprávění o životě, skutcích válečných i duchu vzdělanosti. V nahrávce z roku 1970 ze studia Lucerna uslyšíte Františka Smolíka (Říše Sámova), Vlastu Fabiánovou a Karla Högera (Říše Velkomoravská), v části nazvané Šlépěje krále Přemysla účinkují Vlasta Fabiánová...

Celý popis

Uloženo v:
Hlavní autor: Vančura, Vladislav (Autor)
Další autoři: Lukavský, Radovan (Autor), Höger, Karel (Vypravěč-komentátor), Smolík, František (Vypravěč-komentátor), Fabiánová, Vlasta (Vypravěč-komentátor), Voska, Václav (Vypravěč-komentátor)
Médium: E-audiokniha
Vydáno: Praha : Supraphon a.s., 2013
Tagy:
Žádné tagy
LEADER 02356nim a22005177i 4500
001 313299
007 sr nunnnnnnned
024 |a 099925917425 
044 |a xr 
100 1 |a  Vančura, Vladislav  |4 aut 
245 1 0 |a Obrazy z dějin národa českého /  |c  Vančura, Vladislav 
264 1 |a Praha :  |b Supraphon a.s.,  |c 2013 
300 |a 1 online zdroj (2 hod., 28 min., 30 sek.) 
336 |a mluvené slovo  |b spw  |2 rdacontent 
337 |a audio  |b s  |2 rdamedia 
338 |a online zdroj  |b cr  |2 rdacarrier 
505 0 0 |t Rise Samova (23 min., 5 sek.) 
505 0 0 |t Pribyna (5 min., 36 sek.) 
505 0 0 |t Devin (3 min., 59 sek.) 
505 0 0 |t Zrada Svatoplukova (9 min., 2 sek.) 
505 0 0 |t Obraceni knizete Svatopluka (4 min., 47 sek.) 
505 0 0 |t Usvit (14 min., 27 sek.) 
505 0 0 |t Svate knize (15 min., 53 sek.) 
505 0 0 |t Marketa rakouska (7 min., 51 sek.) 
505 0 0 |t Slib (1 min., 50 sek.) 
505 0 0 |t Rozmluva (7 min., 25 sek.) 
505 0 0 |t Myslenka (6 min., 49 sek.) 
505 0 0 |t Tazeni (4 min., 23 sek.) 
505 0 0 |t Bitva (11 min., 29 sek.) 
505 0 0 |t Mir (3 min., 48 sek.) 
505 0 0 |t Svatba (7 min., 1 sek.) 
505 0 0 |t Vec kralova srdce (1 min., 11 sek.) 
505 0 0 |t Volba (4 min., 17 sek.) 
505 0 0 |t Beznadej (1 min., 23 sek.) 
505 0 0 |t Laska (6 min., 17 sek.) 
505 0 0 |t Moravske pole (7 min., 56 sek.) 
520 2 |a Obrazy z dějin národa českého - věrná vyprávění o životě, skutcích válečných i duchu vzdělanosti. V nahrávce z roku 1970 ze studia Lucerna uslyšíte Františka Smolíka (Říše Sámova), Vlastu Fabiánovou a Karla Högera (Říše Velkomoravská), v části nazvané Šlépěje krále Přemysla účinkují Vlasta Fabiánová s Radovanem Lukavským a o vzniku Českého státu vypravuje Václav Voska 
700 1 |a  Lukavský, Radovan  |4 nrt 
700 1 |a  Höger, Karel  |4 nrt 
700 1 |a  Smolík, František  |4 nrt 
700 1 |a  Fabiánová, Vlasta  |4 nrt 
700 1 |a  Voska, Václav  |4 nrt 
910 |a RBIT002 
998 |d 402603  |a https://core.palmknihy.cz/api/books/402603/cover?sbs509  |b https://core.palmknihy.cz/api/books/402603/cover/400?sbs509  |c https://core.palmknihy.cz/api/books/402603/cover/50?sbs509  |e 2099-01-01  |i 099925917425  |l 8910  |q 49  |r 1  |s https://www.palmknihy.cz/kniha/402603  |t audiobook  |y 2013  |z 1 
999 |d 313297